| 000 | 00576nam a22002177a 4500 | ||
|---|---|---|---|
| 005 | 20170124110043.0 | ||
| 010 | _a884500 | ||
| 020 |
_c00.00 _a0718207564 |
||
| 035 | _a884500 | ||
| 037 | _bCen Lib/Ret | ||
| 040 |
_adpl _bEN |
||
| 082 |
_a793 _bREE |
||
| 100 |
_aRees, C.W. _924125 |
||
| 245 |
_aParty games : _cby C.W.Rees _byou will play again / |
||
| 260 |
_bKaye & Ward _aLondon _c1968 |
||
| 270 | _a21 New Street | ||
| 300 |
_a128p. : _c19cm(Hb) _bill. |
||
| 650 |
_aIndoor games. _922316 |
||
| 650 |
_aGames _922638 |
||
| 942 |
_2ddc _cEN _h793 _mREE |
||
| 999 |
_c128687 _d128687 |
||